Tales of mistery and imagination

Guardat en:
Dades bibliogràfiques
Autor principal: Poe, Edgar Allan
Format: Llibre
Idioma:Undetermined
Publicat: Londres, Inglaterra Nelson and Sons [s.f.]
Matèries:
Etiquetes: Afegir etiqueta
Sense etiquetes, Sigues el primer a etiquetar aquest registre!

MARC

LEADER 00000nam a2200000Ia 4500
008 170316s9999 xx 000 0 und d
040 |a cru BVZT 
090 |a 810 P-15t 
100 |a Poe, Edgar Allan 
245 |a Tales of mistery and imagination 
260 |a Londres, Inglaterra 
260 |b Nelson and Sons 
260 |c [s.f.] 
300 |a 374 páginas 
650 |a LITERATURA ESTADOUNIDENSE 
999 |c 6044  |d 6044 
942 |c 15 D  |h 810 P-15t  |2 z